000 01204nam0a22003611 4500
001 RU\NLR\A1SV\35790
005 20251203171251.9
035 _a(NLR Aleph) 009718286
090 _a9863499
_c9863499
100 _a19810117d1925 u y0rusy50 ca
101 0 _arus
102 _aRU
200 1 _aРезультаты полового обследования молодежи
_e(По аноним. анкетам)
_fН.В.Гущин
_gС предисл. Гер. Емельянова
_gПод ред. М.А.Кротова
210 _aЯкутск
_cНаркомпросздрав ЯАССР
_d1925
215 _a52 с., [1] с. на обл.
_cтабл.
_d22 см
320 _aБиблиогр.: 4 назв.
620 _dЯкутск
700 1 _aГущин
_bН.В.
_4070
702 1 _aЕмельянов
_bГ.
_gГер.
_4070
702 1 _aКротов
_bМ.А.
_f1899-1966
_gМодест Алексеевич
_4070
801 0 _aRU
_bNLR
_c19810117
852 _aNLR
_j35/75
899 _aРКП
899 _aБАН
899 _aРГБ
899 _aNLG
899 _aНБЛ КГУ
899 _aНБ ТГУ
899 _aГПИБ
942 _cBOOK
980 _aNB
980 _aA1SV